Inventurní soupisy jako nezastupitelné písemnosti
Problematika spojená s vyhotovovaním inventúrnych súpisov. Zásady vyhotovovania inventárnych súpisov. Znižovanie inventarizačných rozdielov. Racionalizácia inventárnych prác. Význam inventúry.
Saved in:
| Main Author: | |
|---|---|
| Format: | Book Chapter |
| Language: | Czech |
| Subjects: | |
| Tags: |
No Tags, Be the first to tag this record!
|
MARC
| LEADER | 00000naa a2200000 4500 | ||
|---|---|---|---|
| 001 | r019309 | ||
| 005 | 20221205103210.7 | ||
| 041 | 0 | |a cze | |
| 044 | |a CZ | ||
| 245 | 1 | 0 | |a Inventurní soupisy jako nezastupitelné písemnosti |c V. Schiffer |
| 520 | |a Problematika spojená s vyhotovovaním inventúrnych súpisov. Zásady vyhotovovania inventárnych súpisov. Znižovanie inventarizačných rozdielov. Racionalizácia inventárnych prác. Význam inventúry. | ||
| 610 | 2 | 0 | |a súpisy inventúrne |
| 610 | 2 | 0 | |a rozdiely inventarizačné |
| 610 | 2 | 0 | |a inventúra |
| 610 | 2 | 0 | |a účtovníctvo |
| 100 | 1 | |a Schiffer, V. | |